|
|
|
|
| LEADER |
00000nam a2200000 a 4500 |
| 001 |
vtls011717660 |
| 003 |
SK-MaSNL |
| 005 |
20260301222250.0 |
| 008 |
240318s2017 fr obc 000 0 fre |
| 015 |
|
|
|a SNBZSA2018/01
|
| 020 |
|
|
|a 9782410003536
|q (brožované)
|
| 035 |
|
|
|a urn:nbn:sk:snk-am00dgcn
|
| 035 |
|
|
|a urn:nbn:sk:snk-am3i1cp
|
| 035 |
|
|
|a 37E7BBF6-C80B-488E-B1D9-6749734FF2A5
|
| 040 |
|
|
|a SNK
|b slo
|c SNK
|e AACR2
|
| 041 |
0 |
|
|a fre
|
| 043 |
|
|
|a e-ur---
|
| 044 |
|
|
|a fr
|c FR
|
| 080 |
|
|
|a 343.819.5
|2 2011
|
| 080 |
|
|
|a 323.28-051
|2 2011
|
| 080 |
|
|
|a (47+57)
|2 2011
|
| 080 |
|
|
|a (048.8)
|2 2011
|
| 080 |
|
|
|a (0:82-94)
|2 2011
|
| 080 |
|
|
|a 343.262
|2 2011
|
| 080 |
|
|
|a 323.28
|2 2011
|
| 080 |
|
|
|a 316.346.32-053.2
|2 2011
|
| 100 |
1 |
|
|a Craveri, Marta
|4 aut
|9 611629
|
| 245 |
1 |
0 |
|a Enfants du goulag
|c Marta Craveri, Anne Marie Losonczy
|
| 260 |
|
|
|a Paris
|b Belin
|c 2017
|
| 300 |
|
|
|a 279 s.
|b fotogr., mp., portréty
|c 22 cm
|
| 490 |
1 |
|
|a Contemporaines
|
| 504 |
|
|
|a Bibliografia ; bibliografické odkazy
|
| 648 |
|
7 |
|a 20. stor.
|2 SNKPH
|9 275975
|
| 650 |
0 |
7 |
|a koncentračné tábory
|2 SNKPH
|9 2654
|
| 650 |
0 |
7 |
|a Concentration camps
|2 SNKPHeng
|9 314449
|
| 650 |
0 |
7 |
|a politickí väzni
|2 SNKPH
|9 4581
|
| 650 |
0 |
7 |
|a Political prisoners
|2 SNKPHeng
|9 265801
|
| 650 |
0 |
7 |
|a pracovné tábory
|2 SNKPH
|9 2655
|
| 650 |
0 |
7 |
|a Forced labour camps
|2 SNKPHeng
|9 277133
|
| 650 |
0 |
7 |
|a politická perzekúcia
|2 SNKPH
|9 75134
|
| 650 |
0 |
7 |
|a Political persecution
|2 SNKPHeng
|9 265799
|
| 650 |
0 |
7 |
|a deti
|2 SNKPH
|9 773
|
| 650 |
0 |
7 |
|a Children
|2 SNKPHeng
|9 274282
|
| 651 |
|
7 |
|a Sovietsky zväz
|2 SNKPH
|9 22126
|
| 651 |
|
7 |
|a Soviet Union
|2 SNKPHeng
|9 277091
|
| 655 |
|
7 |
|a monografie
|2 SNKPH
|9 70139
|
| 655 |
|
7 |
|a Monographs
|2 SNKPHeng
|9 120675
|
| 655 |
|
7 |
|a spomienky
|2 SNKPH
|9 29509
|
| 655 |
|
7 |
|a Reminiscences
|2 SNKPHeng
|9 93477
|
| 700 |
1 |
|
|a Losonczy, Anne Marie
|4 aut
|9 611630
|
| 830 |
|
0 |
|a Contemporaines
|9 611631
|
| 919 |
|
|
|a 978-2-410-00353-6
|
| 958 |
|
|
|a ZS
|
| 958 |
|
|
|a NB
|
| 999 |
|
|
|c 939251
|d 941181
|
| 952 |
|
|
|a SNK
|b SNK
|y PREZ
|7 0
|p 17A1304115
|o snkSC 176813
|i snk2017/24368
|8 4
|g 33.02
|0 0
|1 0
|4 0
|d 2017-10-26
|f 1
|l 0
|r 2025-09-18 00:00:00
|w 2026-02-24
|